000
00209nam a2200097Ia 4500
008
240331s9999 xx 000 0 und d
082
_b
SUD
100
_a
Sudaesamithiran,
245
0
_a
Gopuram thaangi
942
_c
L
999
_c
4727
_d
4727